000 01004cab a22002055a 4500
001 L159126
008 160204e20160130xxk 000 0 eng d
035 _a(Sirsi) u159126
041 0 _aeng
100 1 _aYoung, Joanne
245 0 2 _aA happy new year for resi landlords?
260 _c2016
490 _aEstates Gazette
_v(1604) 30 January 2016, 103(1)
520 _aExplains the 'Right to rent' and its effect on landlords. From 1 February 2016 all private landlords have to comply with the provisions of the Immigration Act 2014 and check their tenants have a right to rent. Argues that this process may be complex in some respects as some adult occupants can only prove a time-limited right to rent. Warns that landlords should be concerned about the new rules and other less obvious issues such as complying with the requirements of the Data Protection Act 1988.
590 _aKA
650 2 4 _aRIGHT TO RENT
651 4 _aUnited Kingdom
690 _aLandlord and tenant
_96252
942 _n0
999 _c84808
_d84808